000 00451nmm a2200157Ia 4500
008 251105s9999||||xx |||||||||||||||||und||
041 _aspa
100 _aGrant, Donna
245 0 _aHighlander: El conjuro olvidado
264 _a[Madrid, España] :
_bLa Factoría de Ideas,
_c2012
300 _a296 páginas
490 _aPandora
650 _aScience fiction & Fantasy
856 _uhttps://public.digitaliapublishing.com/a/25351
942 _cCF
999 _c100396
_d100396